Нормален изглед
MARC изглед
- Александър ІІ
Вход 01. Лично име
001 - Контролен номер на записа
- Контролно поле: 435086
003 - Код на организацията, даваща контролен номер
- Контролно поле: BLK
005 - Дата и час на последна промяна на записа
- Контролно поле: 20230404154215.0
008 - Данни с фиксирана дължина – обща информация
- Данни с фиксирана дължина : 201008|| aca||aabn | a|a d
100 ## - ИМЕ НА ЛИЦЕ -ПЪРВИЧНА ИНТЕЛЕКТУАЛНА ОТГОВОРНОСТ
- Лично име: Александър ІІ
- Дати, свързани с автора: 1818-1881
- Друга информация: император на Русия, цар на Полша и велик княз на Финландия
- Пълна форма на името: Александр ІІ Николаевич
942 ## - Системна служебна употреба
- Koha auth type: PERSO_NAME